LEADER 03194nam 2200637Ia 450 001 9910461859203321 005 20200520144314.0 010 $a1-283-40129-0 010 $a9786613401298 010 $a1-118-16786-4 035 $a(CKB)2670000000139877 035 $a(EBL)832263 035 $a(OCoLC)769927239 035 $a(SSID)ssj0000576106 035 $a(PQKBManifestationID)11330604 035 $a(PQKBTitleCode)TC0000576106 035 $a(PQKBWorkID)10553550 035 $a(PQKB)10472075 035 $a(MiAaPQ)EBC832263 035 $a(Au-PeEL)EBL832263 035 $a(CaPaEBR)ebr10523234 035 $a(CaONFJC)MIL340129 035 $a(EXLCZ)992670000000139877 100 $a20110615d2011 uy 0 101 0 $aeng 135 $aur|n|---||||| 181 $ctxt 182 $cc 183 $acr 200 14$aThe psychotherapy documentation primer$b[electronic resource] /$fDonald E. Wiger 205 $a3rd ed. 210 $aHoboken, NJ $cWiley$d2011 215 $a1 online resource (258 p.) 225 1 $aPracticeplanners series 300 $aIncludes index. 311 $a0-470-90396-1 327 $aThe Psychotherapy Documentation Primer; Contents; Preface; How This Book Came Into Being: A Lesson in Making a Really Bad Negative Into a Really Good Positive; 1 Introduction; 2 The Art and Science of Psychological Assessment and Treatment; 3 Overview of Current Documentation Procedures and Third-Party Requirements; 4 Ethical Considerations in Documentation; 5 The Biopsychosocial Assessment; 6 The Mental Status Exam; 7 Validating a Diagnosis; 8 Formulating a Treatment Plan; 9 Writing Progress Notes; 10 Documenting the Need for Additional Services 327 $aAppendix A Putting it All Together: Documented Chart for Mental Health ServicesAppendix B Overview of Outcome Measures; Appendix C Overview of HIPAA Guidelines in Mental Health Settings; Glossary; References and Suggested Readings; Index 330 $aEverything you need to know to record client intake, treatment, and progress-incorporating the latest managed care, accrediting agency, and government regulations Paperwork and record keeping are day-to-day realities in your mental health practice. Records must be kept for managed care reimbursement; for accreditation agencies; for protection in the event of lawsuits; to meet federal HIPAA regulations; and to help streamline patient care in larger group practices, inpatient facilities, and hospitals. The standard professionals and students have turned to for quick and easy, yet compreh 410 0$aPractice planners. 606 $aMental health services$xManagement 606 $aMental health services$xMedical records 606 $aPsychiatric records 608 $aElectronic books. 615 0$aMental health services$xManagement. 615 0$aMental health services$xMedical records. 615 0$aPsychiatric records. 676 $a616.890068 700 $aWiger$b Donald E.$f1953-$0938505 801 0$bMiAaPQ 801 1$bMiAaPQ 801 2$bMiAaPQ 906 $aBOOK 912 $a9910461859203321 996 $aThe psychotherapy documentation primer$92114522 997 $aUNINA LEADER 03662nam 22005293 450 001 9911006715303321 005 20231110223838.0 010 $a1-83724-574-6 010 $a1-5231-4240-5 010 $a1-83953-269-6 035 $a(MiAaPQ)EBC6821879 035 $a(Au-PeEL)EBL6821879 035 $a(CKB)20050712400041 035 $a(NjHacI)9920050712400041 035 $a(BIP)080459753 035 $a(OCoLC)1289369654 035 $a(EXLCZ)9920050712400041 100 $a20211208d2022 uy 0 101 0 $aeng 135 $aurcnu|||||||| 181 $ctxt$2rdacontent 182 $cc$2rdamedia 183 $acr$2rdacarrier 200 10$aCoordination of Distributed Energy Resources in Microgrids $eOptimisation, Control, and Hardware-In-the-loop Validation 205 $a1st ed. 210 1$aStevenage :$cInstitution of Engineering & Technology,$d2022. 210 4$dİ2022. 215 $a1 online resource (508 pages) 225 1 $aEnergy Engineering 311 08$a1-83953-268-8 327 $aPart I: Distributed Energy Resources and Microgrids: PreliminariesChapter 1: Distributed energy resources: introduction and classificationChapter 2: Microgrids: introduction and research problem descriptions Part II: Coordinated Planning of DERs in Microgrids: Optimal Sizing and SitingChapter 3: Composite sensitivity factor-based method for DG planningChapter 4: Probability-weighted robust optimisation method for DG planningChapter 5: Multi-stage stochastic programming method for multi-energy DG planningChapter 6: Stochastic planning of heterogeneous energy storage (HES) in residential MEMG Part III: Coordinated Operation of DERs in Microgrids: Energy Management and Voltage RegulationChapter 7: Hourly coordination of energy storage and direct load controlChapter 8: Daily coordination of microturbines and demand responseChapter 9: Optimal dispatch of MEMGsChapter 10: Temporally coordinated dispatch of MEMGs under diverse uncertaintiesChapter 11: Robustly optimal dispatch of MEMGs with flexible loadsChapter 12: Multi-timescale coordinated voltage/var control optimisationChapter 13: Three-stage robust inverter-based voltage/var control optimisation Part IV: Coordinated real-time control of DERs: distributed controller design and hardware-in-the-loop testsChapter 14: Power system frequency control by aggregated energy storage systemsChapter 15: Power system frequency support by grid-interactive smart buildingsChapter 16: Decentralised-distributed hybrid voltage control by inverter-based DERsChapter 17: Two-level distributed voltage/var control by aggregated PV invertersChapter 18: Event-triggered control of DERs and controller hardware-in-the-loop validationChapter 19: Three-level coordinated voltage control of DERs and power hardware-in-the-loop validation. 330 $aA structured research overview of techniques to manage microgrids with distributed energy resources (DERs). The focus is on coordination on both temporal and spatial scales. Chapters cover mathematical models, sizing and siting of DERs, robust optimisation, distributed coordinated control, and hardware-in-the-loop tests. 410 0$aEnergy Engineering 606 $aMicrogrids (Smart power grids) 615 0$aMicrogrids (Smart power grids) 676 $a621.3 700 $aXu$b Yan$01701951 701 $aWang$b Yu$0955312 701 $aZhang$b Cuo$f1943-$01824604 701 $aLi$b Zhengmao$01062538 801 0$bMiAaPQ 801 1$bMiAaPQ 801 2$bMiAaPQ 906 $aBOOK 912 $a9911006715303321 996 $aCoordination of Distributed Energy Resources in Microgrids$94391818 997 $aUNINA